书目信息 |
| 题名: |
龙永图 白岩松 : 中国 再启动
|
|
| 作者: | 龙永图 著 | |
| 分册: | ||
| 出版信息: | 南京 江苏文艺出版社 2015.01 |
|
| 页数: | 273页 | |
| 开本: | 22cm | |
| 丛书名: | ||
| 单 册: | ||
| 中图分类: | K820.7 | |
| 科图分类: | ||
| 主题词: | 人物--传记--中国 | |
| 电子资源: | ||
| ISBN: | 7-5399-7846-5 | |
| 000 | 00617nam0 2200193 450 | |
| 001 | 1554995093 | |
| 005 | 20151023151841.79 | |
| 010 | @a7-5399-7846-5@dCNY38.00 | |
| 100 | @a20151023d2015 km y0chiy0120 ea | |
| 101 | 0 | @achi |
| 102 | @aCN@b320000 | |
| 200 | 1 | @a龙永图 白岩松 : 中国 再启动@Along yong tu bai yan song:zhong guo zai qi dong@f龙永图等著@Flong yong tu deng zhu |
| 210 | @a南京@c江苏文艺出版社@d2015.01 | |
| 215 | @a273页@d22cm | |
| 606 | 0 | @a人物@x传记@x中国 |
| 690 | @aK820.7@v4 | |
| 701 | 0 | @a龙永图@Along yong tu@4著 |
| 801 | 0 | @aCN@b大连网信软件有限公司图书馆·11@c20151023 |
| 905 | @aZUCC@dK820.7@eL767 | |
| 龙永图 白岩松 : 中国 再启动/龙永图等著.-南京:江苏文艺出版社,2015.01 |
| 273页;22cm |
| ISBN 7-5399-7846-5:CNY38.00 |
| ● |
| 相关链接 |
|
|
|
正题名:龙永图 白岩松 : 中国 再启动
索取号:K820.7/L767
 
预约/预借
| 序号 | 登录号 | 条形码 | 馆藏地/架位号 | 状态 | 备注 |
| 1 | 497661 | 204976614 | 社科库309/309社科库 45排2列1层/ [索取号:K820.7/L767] | 在馆 |